00552 2200193 4500001002100000005001700021008004100038020002200079035002400101082001000125090002000135100001800155245006300173250001100236260003600247300003000283650002400313990002100337YOGYA-0213000000045720130213105119.0 ind  a978-979-977-270-2 0010-021300000000457 a006.7 aDEP 006.7 Has S aHASNUL ARIFIN a1 Menit Belajar Bikin Web & Blog Update ! /cHasnul Arifin aCet.1. aYogyakarta :bMedia Kom,c2012. a152 hlm.;bilus.;c18 cm. aKomputer-Desain Web aCB-D.112012-1414